000 01365cam a22003131i 4500
003 SA-RiAUC
005 20250824041808.0
008 250815s2007 su g f000 0 ara c
020 _a9960047156
020 _a9960047164
020 _a9960047172
040 _aMA-HhKAF
_bara
_cSA-RiAUC.
_erda
072 7 _aMAI
082 0 4 _a025.34
_qSA-RiAUC
090 _a025.34
_bق ش ق
100 1 _aقشقري، سارة بنت عبد الرحيم صوفي
_eمؤلف.
245 1 0 _aتكشيف كتب التراث العربي الإسلامي المطبوع :
_bدراسة تقويمية /
_cإعداد سارة بنت عبد الرحيم صوفي قشقري.
264 1 _aالرياض :
_bجامعة الإمام محمد بن سعود الإسلامية،
_c2007
300 _a2 مجلد ؛
_c24 سم.
336 _aنص
_btxt
_2rdacontent
_3كتاب
337 _aبدون وسيط
_bn
_2rdamedia
338 _aمجلد
_bnc
_2rdacarrier
490 1 _aسلسلة الرسائل الجامعية ؛
_v72
650 7 _aالكتب النادرة
_xاستخلاص وتكشيف
_2aucsh
650 7 _aالتراث الإسلامي
_xاستخلاص وتكشيف
_2aucsh
830 0 _aسلسلة الرسائل الجامعية (جامعة الإمام محمد سعود الإسلامية)
_v72
942 _2ddc
_cBOOK
_n0
949 _aSA-JeALM
_d250815
_umohamedma123
_n1
999 _c11056
_d11056